LEADER 00934nam0-2200325---450- 001 990009896650403321 005 20140918150540.0 010 $a978-88-6184-207-6 035 $a000989665 035 $aFED01000989665 035 $a(Aleph)000989665FED01 035 $a000989665 100 $a20140918d2012----km-y0itay50------ba 101 0 $aita 102 $aIT 105 $ay-------001yy 200 1 $aAfghanistan$ericostruzione, ingiustizia, diritti umani$fAntonio De Lauri 210 $aMilano$cMondadori università$d2012 215 $aXIV, 345 p.$d21 cm 225 1 $aAzimut 610 0 $aGiustizia$aEffetti sociali$aAfghanistan$a2001-2011 676 $a958.1047$v22$zita 700 1$aDe Lauri,$bAntonio$f<1964- >$0523704 801 0$aIT$bUNINA$gREICAT$2UNIMARC 901 $aBK 912 $a990009896650403321 952 $aXIII A 467$b51686$fFSPBC 959 $aFSPBC 996 $aAfghanistan$9828986 997 $aUNINA LEADER 00875cam0-2200325---450- 001 990004790630403321 005 20090115123749.0 035 $a000479063 035 $aFED01000479063 035 $a(Aleph)000479063FED01 035 $a000479063 100 $a19990604d1971----km-y0itay50------ba 101 0 $aeng 102 $aGB 105 $a----a---001yy 200 1 $aNaturalism$fLilian R. Furst and Peter N. Skrine 210 $aLondon$cMethuen$d1971 215 $a81 p.$d20 cm 225 1 $a<>critical idiom$v18 610 0 $aNaturalismo in letteratura 676 $a809.912 700 1$aFurst,$bLilian R.$0131726 701 1$aSkrine,$bPeter N.$0201168 801 0$aIT$bUNINA$c20070306$gRICA$2UNIMARC 901 $aBK 912 $a990004790630403321 952 $a809.912 FUR 1$fFLFBC 959 $aFLFBC 996 $aNaturalism$9561863 997 $aUNINA